• 首页
  • 本馆介绍
  • 公告通知
  • 最新文献
  • 馆藏检索
  • 电子资源
  • 读者导购
  • 参考咨询
  • 我的图书馆
  • 登录
  • 详细信息显示
  • 放入我的书架
  • 预约/预借图书
  • 作者相关作品
  • 分类相关作品
  • 丛书相关作品
  • 出版社相关作品

书目信息

  • 表格格式
  • 工作单格式
  • 卡片格式
题名:
中学教师资格考试教育知识与能力
    
 
作者: 王晓平 , 钟雪威 编著
分册:  
出版信息: 北京   外语教学与研究出版社  2014
页数: 310页
开本: 29cm
丛书名:
单 册:
中图分类: G635.11
科图分类:
主题词: 中学教师--教学能力--资格考试--教材
电子资源:
ISBN: 978-7-5135-3943-2
000 01063nam0 2200253 450
001 0103165100
005 20140730143108.0
010    @a978-7-5135-3943-2@dCNY42.00
100    @a20140530d2014 em y0chiy0120 ea
101 0  @achi
102    @aCN@b110000
105    @ay z 000yy
106    @ar
200 1  @a中学教师资格考试教育知识与能力@9Zhong Xue Jiao Shi Zi Ge Kao Shi Jiao Yu;Yo Zhi Shi;Zhi Yu Neng Li @f王晓平,钟雪威编著@b专著
210    @a北京@c外语教学与研究出版社@d2014
215    @a310页@d29cm
300    @a国家教师资格考试专用教材/王晓平总主编
330    @a本书内容涵盖教育基础知识和基本原理、中学课程、中学教学、中学生学习心理、中学生发展心理、中学生心理辅导和中学德育几个方面,囊括了所有考点内容,对重点、难点逐一解读,并通过案例分析、延伸阅读和海量试题来夯实基础,使考生顺利通过考试,提升教师专业能力和素养。
606 0  @a中学教师@x教学能力@x资格考试@j教材
690    @aG635.11@v5
701  0 @a王晓平@f(1977~)@9wang xiao ping@4编著
701  0 @a钟雪威@9zhong xue wei@4编著
801  0 @aCN@bZL@c20140311
905    @aBZT@dG635@e9@f1@sG635/9
    
    中学教师资格考试教育知识与能力/王晓平,钟雪威编著.-北京:外语教学与研究出版社,2014
    310页;29cm
    国家教师资格考试专用教材/王晓平总主编
    
    ISBN 978-7-5135-3943-2:CNY42.00
    本书内容涵盖教育基础知识和基本原理、中学课程、中学教学、中学生学习心理、中学生发展心理、中学生心理辅导和中学德育几个方面,囊括了所有考点内容,对重点、难点逐一解读,并通过案例分析、延伸阅读和海量试题来夯实基础,使考生顺利通过考试,提升教师专业能力和素养。
●
相关链接 在五车中查询图书 在当当中查询图书 在豆瓣中查询图书


正题名:中学教师资格考试教育知识与能力     索取号:G635/9         预约/预借

序号 登录号 条形码 馆藏地/架位号 状态 备注
1 2000009671   2000009671   旧书回溯/ [索取号:G635/9] 在馆    
山东省滨州职业学院图书馆 欢迎您!
大连网信软件有限公司© 版权所有